Salsa de tópicos = Subjects in SALSA : Spanish and Latin American subject access /

Bibliographic Details
Other Authors: Miller, David P. (David Peter), 1955-, Martínez Arellano, Felipe
Format: Book
Language:English
Published: Chicago : Association for Library Collections & Technical Services, American Library Association, 2007.
Series:ALCTS papers on library technical services and collections ; no. 14.
Subjects:
Online Access:Table of contents only

MARC

Tag First Indicator Second Indicator Subfields
LEADER 00000pam a22000004a 4500
001 in00002346607
005 20151108071141.0
008 060912s2007 ilu b 000 0 eng
010 |a  2006029279 
020 |a 9780838984079 
020 |a 083898407X 
035 |a (OCoLC)ocm71789309 
035 |a (OCoLC)71789309 
040 |a DLC  |c DLC  |d YDX  |d BTCTA  |d YDXCP  |d BAKER  |d UtOrBLW 
049 |a TXAM 
050 0 0 |a Z695  |b .S35 2007 
082 0 0 |a 025.4/9  |2 22 
245 0 0 |a Salsa de tópicos =  |b Subjects in SALSA : Spanish and Latin American subject access /  |c David Miller and Filiberto Felipe Martínez Arellano, editors. 
246 3 1 |a Subjects in SALSA 
264 1 |a Chicago :  |b Association for Library Collections & Technical Services, American Library Association,  |c 2007. 
300 |a xi, 81 pages ;  |c 28 cm. 
336 |a text  |b txt  |2 rdacontent 
337 |a unmediated  |b n  |2 rdamedia 
338 |a volume  |b nc  |2 rdacarrier 
490 1 |a ALCTS papers on library technical services & collections ;  |v # 14 
504 |a Includes bibliographical references. 
505 0 |a Subject headings in Spanish : from early days to the present / Vivian M. Pisano -- Spanish-language subject headings and the Sears list : an interamerican history / Tina Gross -- Development of a Spanish subject headings list / Filiberto Felipe Martínez Arellano -- Subject heading control in an online catalog at the Luis Angel Arango Library / Rosa López Rodríguez -- International standards for bibliographic control, and Spanish-language equivalents in context / Ageo García B. -- Authority control : a Mexican experience with subject headings / Julia-Margarita Martínez Saldaña -- Spanish language subject headings : their impact on information access / Maria Chávez-Hernández and Howard Rodríguez-Mori. 
650 0 |a Subject headings, Spanish. 
650 0 |a Hispanic Americans and libraries. 
700 1 |a Miller, David P.  |q (David Peter),  |d 1955- 
700 1 |a Martínez Arellano, Felipe. 
830 0 |a ALCTS papers on library technical services and collections ;  |v no. 14. 
856 4 1 |3 Table of contents only  |u http://www.loc.gov/catdir/toc/ecip071/2006029279.html  |t 0 
938 |a YBP Library Services  |b YANK  |n 2725029 
938 |a Baker and Taylor  |b BTCP  |n BK0007519423 
938 |a Baker & Taylor  |b BKTY  |c 47.50  |d 47.50  |i 083898407X  |n 0007519423  |s active 
945 |a PromptCat  |b 321888 
946 |a stk 
947 |a A14836558622 
994 |a 92  |b TXA 
948 |a cataloged  |b h  |c 2008/1/31  |d c  |e asalazar  |f 2:23:00 pm 
999 |a MARS 
999 f f |s 48e8fdda-60c2-3c2c-8a59-cf2011f619bf  |i 6120d55b-157d-3e11-9e13-80dce676b40a  |t 0 
952 f f |p normal  |a Texas A&M University  |b College Station  |c Sterling C. Evans Library  |d Evans: Library Stacks  |t 0  |e Z695 .S35 2007  |h Library of Congress classification  |i unmediated -- volume  |m A14836558622 
998 f f |a Z695 .S35 2007  |t 0  |l Evans: Library Stacks